Loading...
Fine Arts - Classical Music | 0 | 6 | 1 | 1 | 55 | 58 | 85.33 | 2 | 3 |
Fine Arts - Other Fine Arts | 0 | 4 | 1 | 0 | 35 | 35 | 62.00 | 0 | 2 |
History - American History | 0 | 4 | 1 | 2 | 35 | 82 | 92.50 | 0 | 1 |
Science - Biology | 0 | 3 | 0 | 0 | 30 | 11 | 52.33 | 0 | 1 |
Painting/Sculpture | 0 | 3 | 0 | 0 | 30 | 72 | 88.33 | 0 | 1 |
Science - Chemistry | 0 | 3 | 0 | 1 | 30 | 61 | 76.00 | 1 | 2 |
Science - Physics | 0 | 3 | 1 | 1 | 25 | 70 | 86.00 | 0 | 0 |
Current Events | 0 | 2 | 0 | 0 | 20 | 31 | 40.50 | 1 | 1 |
Mythology | 0 | 2 | 0 | 0 | 20 | 52 | 70.00 | 0 | 2 |
Literature - British Literature | 0 | 1 | 0 | 0 | 10 | 119 | 119.00 | 0 | 0 |
Social Science | 0 | 1 | 0 | 0 | 10 | 58 | 58.00 | 0 | 1 |
Geography | 0 | 1 | 0 | 0 | 10 | 47 | 47.00 | 1 | 1 |
Literature - European Literature | 0 | 1 | 0 | 0 | 10 | 103 | 103.00 | 0 | 1 |
Philosophy | 0 | 1 | 0 | 0 | 10 | 67 | 67.00 | 1 | 1 |
Pop Culture | 0 | 1 | 0 | 0 | 10 | 61 | 61.00 | 0 | 0 |
Religion | 0 | 1 | 0 | 0 | 10 | 63 | 63.00 | 0 | 1 |
History - Other History | 0 | 2 | 2 | 0 | 10 | 78 | 81.00 | 0 | 1 |
Science - Other Science | 0 | 2 | 2 | 1 | 10 | 23 | 63.50 | 1 | 1 |
Literature - American Literature | 0 | 0 | 1 | 0 | -5 | 0.00 | 0 | 0 | |
History - World History | 0 | 0 | 1 | 0 | -5 | 0.00 | 0 | 0 |